000 00556nam a2200205Ia 4500
005 20260429112018.0
008 260429s9999||||xx |||||||||||||| ||und||
020 _a9781032185248
041 _aEnglish
082 _a342.082
_bKMA
100 _aKmak, Magdalena
245 0 _aLaw, migration, and human mobility :
_bmobile law /
_cMagdalena Kmak
250 _a1st ed.
260 _aNew Delhi :
_bRoutledge,
_c2024.
300 _aix, 194 p.; hb
650 _a Human mobility
650 _a International law
650 _aMigration law
942 _cTB
999 _c51884
_d51884